000 00960cam a22003017a 4500
003 CHAP
005 20220329141505.0
008 971013s1988 r 10010 d
010 _a68965
011 _a69937
035 _a79415
040 _cCHAP
082 _a633.730861
_bC6 1988
111 0 0 _aCongreso Nacional de Cafeteros (
_n45
_d: 1988
_c: Bogotá)
_926913
245 0 _aInforme del Gerente General
260 _aBogotá :
_bLa Federación,
_c1988
300 _a29 h.
_b; gráfs.
590 _aBATCH-UPD
_b10
_c20130110
_lUCH01
_h0250
590 _aBATCH-UPD
_b10
_c20130110
_lUCH01
_h2122
590 _aBATCH-UPD
_b10
_c20130409
_lUCH01
_h2320
590 _aBATCH-UPD
_b10
_c20130914
_lUCH01
_h0807
590 _aCONVERSION
_b10
_c20130109
_lUCH01
_h1338
650 1 4 _aCafé
_xColombia.
_917116
650 1 4 _aCafé
_xCongresos.
_917117
901 _aBK
942 _cLIBRO
949 _a633.730861 C6 1988
_bBC
_cLIBRO
_d33724000199659
_eLIBRO
_h76060
_i79415
_mD
_sb
999 _c68965
_d68965